000 01262nam a2200325 c 4500
003 BLK
005 20250516102715.0
008 180411b bul|||||r ||||||| ||bul||
020 _a9786190205685
040 _aBLK
041 _aBUL
_cBUL
080 _aИталианска литература
_b821.131.1
_z821.131.1-312.6
100 _aДи Робилант, Андреа
_eпърви автор
_9489698
139 _bР 69
245 1 0 _aЕсен във Венеция
_bЪрнест Хемингуей и неговата последна муза
_cАндреа ди Робилант ; прев. от англ. Надя Баева
260 _bКолибри
_c2020
_aСофия
300 _a328 с.
_c20 см
380 _aX
500 _aОриг. загл.: Autumn in Venice / Andrea di Robilant Биогр. данни за авт. отбелязани на гърба на кор. Библиогр.: с. 321-326
700 _aБаева, Надя Димитрова
_9383768
856 4 _qpdf
856 4 _qpdf
942 _cKNG
_n0
_s1
_015
944 _cНора Радева
_k30542
_lРусанова Ирена
_a30545
999 _c497873
_d497873
999 _d497871
999 _d497870
999 _d493707
999 _d392576
999 _d392576